000 00242nam a22000857a 4500
008 160716b xxu||||| |||| 00| 0 eng d
100 _92932
_a Dutta, S
245 _aFour Stories from the Mahabharatha
260 _aNew Delhi
_bOrient Publication
_c2002
999 _c2497
_d2497